|
|
|
|
| LEADER |
00000nam a2200000 a 4500 |
| 001 |
UCU5284 |
| 003 |
CL-VaPUC |
| 008 |
960531e19820000CL |||||||||||||||||spa|d |
| 082 |
0 |
4 |
|a 621.312
|b END
|2 21
|
| 110 |
2 |
|
|a ENDESA
|e author
|9 363213
|
| 245 |
1 |
0 |
|a Centrales hidroeléctricas Sauzal Y Sauzalito
|
| 300 |
|
|
|a 131 p
|
| 942 |
|
|
|c BK
|
| 945 |
|
|
|d 19960531 00:00:00
|a paguirre
|
| 260 |
|
|
|a Santiago
|b ODIC
|c 1982
|
| 650 |
|
0 |
|a Centrales eléctricas
|9 263580
|
| 650 |
|
7 |
|a CENTRALES HIDROELECTRICAS
|2 CL-VaPUC
|9 263331
|
| 650 |
|
7 |
|a GENERACION DE ENERGIA
|2 CL-VaPUC
|9 363214
|
| 650 |
|
0 |
|a Recursos energéticos
|9 263206
|
| 651 |
|
7 |
|a SAUZAL
|2 CL-VaPUC
|9 363215
|
| 651 |
|
7 |
|a SAUZALITO
|2 CL-VaPUC
|9 363216
|
| 651 |
|
7 |
|a RANCAGUA
|2 CL-VaPUC
|9 318033
|
| 651 |
|
7 |
|a CHILE
|2 CL-VaPUC
|9 363217
|
| 583 |
|
|
|a last modification
|c 19960531 00:00:00
|k Rodrigo Vera
|
| 999 |
|
|
|c 248699
|d 248697
|
| 952 |
|
|
|0 0
|1 0
|4 0
|6 621_312000000000000_END_1982
|7 0
|8 A
|9 265490
|a BIBING
|b BIBING
|d 2019-11-19
|i 1670301
|o 621.312 END 1982
|p 1670301
|r 2025-01-20
|w 2019-11-19
|y BK
|k EIE
|